Latina/o Hope [electronic resource] / by Lourdes Diaz Soto.
Record details
- ISBN: 9789400705043
- Physical Description: XI, 113p. digital.
- Publisher: Dordrecht : Springer Netherlands, 2011.
Search for related items by subject
| Subject: | Education. Education. Sociology of Education. International and Comparative Education. |
Search for related items by series
Electronic resources
| LDR | 01137nam a22003375i 4500 | ||
|---|---|---|---|
| 001 | 6289 | ||
| 003 | CONS | ||
| 005 | 20121026163851.0 | ||
| 007 | cr nn 008mamaa | ||
| 008 | 110322s2011 ne | s |||| 0|eng d | ||
| 020 | . | ‡a9789400705043 ‡9978-94-007-0504-3 | |
| 024 | 7 | . | ‡a10.1007/978-94-007-0504-3 ‡2doi |
| 035 | . | ‡a(DE-He213)978-94-007-0504-3 | |
| 050 | 4. | ‡aLC189-214.53 | |
| 072 | 7. | ‡aJN ‡2bicssc | |
| 072 | 7. | ‡aJHB ‡2bicssc | |
| 072 | 7. | ‡aEDU040000 ‡2bisacsh | |
| 100 | 1 | . | ‡aDiaz Soto, Lourdes. |
| 245 | 1 | 0. | ‡aLatina/o Hope ‡h[electronic resource] / ‡cby Lourdes Diaz Soto. |
| 260 | . | ‡aDordrecht : ‡bSpringer Netherlands, ‡c2011. | |
| 300 | . | ‡aXI, 113p. ‡bdigital. | |
| 490 | 0 | . | ‡aExplorations of Educational Purpose ; ‡v14 |
| 650 | 0. | ‡aEducation. | |
| 650 | 1 | 4. | ‡aEducation. |
| 650 | 2 | 4. | ‡aSociology of Education. |
| 650 | 2 | 4. | ‡aInternational and Comparative Education. |
| 710 | 2 | . | ‡aSpringerLink (Online service) |
| 773 | 0 | . | ‡tSpringer eBooks |
| 776 | 0 | 8. | ‡iPrinted edition: ‡z9789400705036 |
| 830 | 0. | ‡aExplorations of Educational Purpose ; ‡v14 | |
| 856 | 4 | 0. | ‡uhttp://dx.doi.org/10.1007/978-94-007-0504-3 ‡9CONS |
| 950 | . | ‡aHumanities, Social Sciences and Law (Springer-11648) | |
| 901 | . | ‡a6289 ‡b ‡c6289 ‡tbiblio ‡sSystem Local | |